000 00739nam a2200193 a 4500
003 DO-SdBNP
005 20230412142010.0
007 ta
008 181015s2010 000 spa d
040 _aDO-SdBNP
_bspa
_cBNPHU
082 4 _bR426i
_222
110 1 _aRepública Dominicana .
_bOficina Nacional de Estadística
_976827
245 0 0 _aPrimer informe de la República Dominicana sobre la implementación de la convención de de Naciones Unidas sobre los derechos de las personas con discapacidad
260 _aSanto Domingo :
_bONE ,
_c2011.
300 _a111 p.;
_bil., grafcs., tablas
_c27cm.
500 _aIncluye referencias bibliográficas y notas al pie de las páginas
590 _aInventariado, 2023/BT
942 _2ddc
_cLBS1
999 _c47498
_d47498